000 00777cam a22002054a 4500
005 20250605164218.0
008 250528s ||||||||||||||||||||||||d
035 _a20545
020 _a670010804
040 _aGR-AtMCL
_bgre
_dGR-AtMCL
_eAACR2
245 1 _aThomas Jefferson / The Portable
260 _bThe Viking Press,
_c1975
300 _a596
520 _aA broad view of Thomas Jefferson in the fullness of his thought and imagination. Introduction, A Note on the Selections, A Summary View of the Rights of British America, Notes on the State of Virginia, Public Papers and Addresses, Letters, Further Reading on Jefferson.
700 1 _aJefferson Thomas
_96527
700 1 _aPeterson Merrill D
_96528
942 _cBK
999 _c5643
_d5643